La verdad en el amor : (Record n. 16481)

Dettagli MARC
000 -LEADER
fixed length control field 00654nam a2200205 i 4500
003 - CONTROL NUMBER IDENTIFIER
control field IT-RoINE
005 - DATE AND TIME OF LATEST TRANSACTION
control field 20210108072914.0
008 - FIXED-LENGTH DATA ELEMENTS--GENERAL INFORMATION
fixed length control field 920928s1992 sp | r |||| ||spa d
020 ## - INTERNATIONAL STANDARD BOOK NUMBER
International Standard Book Number 8460433382
040 ## - CATALOGING SOURCE
Original cataloging agency SpMaBN
Transcribing agency SpMaBN
Modifying agency IT-RoINE
100 1# - MAIN ENTRY--PERSONAL NAME
9 (RLIN) 6271
Personal name Briva Mirabent, Antonio,
Titles and other words associated with a name Obispo de Astorga,
Dates associated with a name 1926-1994
245 13 - TITLE STATEMENT
Title La verdad en el amor :
Remainder of title escritos pastorales (1967-1992) /
Statement of responsibility, etc Antonio Briva Mirabent.
260 ## - PUBLICATION, DISTRIBUTION, ETC. (IMPRINT)
Place of publication, distribution, etc Astorga :
Name of publisher, distributor, etc Obispado,
Date of publication, distribution, etc 1992.
300 ## - PHYSICAL DESCRIPTION
Extent 395 p. ;
Other physical details il. ;
Dimensions 24 cm.
336 ## - CONTENT TYPE
Source rdacontent
Content type term text
337 ## - MEDIA TYPE
Source rdamedia
Media type term unmediated
338 ## - CARRIER TYPE
Source rdacarrier
Carrier type term volume
650 #4 - SUBJECT ADDED ENTRY--TOPICAL TERM
9 (RLIN) 20319
Topical term or geographic name as entry element Teología pastoral
942 ## - ADDED ENTRY ELEMENTS (KOHA)
Item type Monografías
Dati di copia
Withdrawn status Lost status Damaged status Not for loan Home library Current library Date acquired Total Checkouts Full call number Barcode Date last seen Price effective from Koha item type
        Iglesia Nacional Española en Roma Iglesia Nacional Española en Roma 30/03/2017   TEO 1612 39353 30/03/2017 30/03/2017 Monografías